Monarchies dans le monde - Mort subite - Statistiques

Statistiques générales
  • Ce quiz a été pris 31 437 fois
  • Le résultat moyen est 11 sur 25
Answers on the Grid
Answers color-coded by a green-red scale on the quiz's grid according to % correct below.
Andorre
Arabie Saoudite
Belgique
Bhoutan
Brunei
Emirats arabes unis
Espagne
Eswatini
Japon
Jordanie
Liechtenstein
Luxembourg
Malaisie
Maroc
Monaco
Norvège
Oman
Pays-Bas
Qatar
Royaume-Uni
Danemark
Suède
Thaïlande
Australie
Vatican
Finlande
Tunisie
Italie
Kazakhstan
Guatemala
Kenya
Mongolie
Viet Nam
Inde
Ukraine
Irlande
Corée du Sud
Nigeria
Portugal
Cuba
 
Statistiques - réponses
Réponse % Correct
Royaume-Uni
77%
Espagne
73%
Monaco
69%
Belgique
64%
Maroc
64%
Danemark
56%
Arabie Saoudite
54%
Suède
54%
Emirats arabes unis
49%
Norvège
48%
Qatar
48%
Luxembourg
46%
Pays-Bas
46%
Liechtenstein
42%
Andorre
40%
Thaïlande
40%
Japon
39%
Brunei
37%
Vatican
36%
Jordanie
35%
Oman
35%
Bhoutan
28%
Eswatini
23%
Malaisie
23%
Australie
20%
Aucun quiz correspondant
Distribution des résultats
% des personnes avec chaque résultat
Percentile par nombre de réponses
Votre historique - résultats
Vous n’avez pas pris ce quiz